000 00460nam a2200181Ia 4500
001 25104
005 20260414151127.0
008 260414t2008||||xx |||||||||||||| ||spa||
041 _aESP
082 _a346.2
_bM26C
100 _aMartínez Vázquez de Castro, Luis
_eAUT
245 0 _aEl concepto de matrimonio en el código civil
_b
260 _c2008
300 _a222 páginas :
_c24 cm.
650 _aDER
654 _aCDE
942 _cLIB
_dJUS
_fJUS
_2ddc
_n
999 _c25104
_d25104